The 1995 Accessible Building Product Guide (Record no. 548910)
[ view plain ]
| 000 -LEADER | |
|---|---|
| fixed length control field | 00434nam a22001457a 4500 |
| 082 ## - DEWEY DECIMAL CLASSIFICATION NUMBER | |
| Classification number | 691 |
| Author Mark | SAL |
| 100 ## - MAIN ENTRY--PERSONAL NAME | |
| Personal name | John P.S Salmen, |
| 9 (RLIN) | 45362 |
| 245 ## - TITLE STATEMENT | |
| Title | The 1995 Accessible Building Product Guide |
| 260 ## - PUBLICATION, DISTRIBUTION, ETC. | |
| Place of publication, distribution, etc. | Simultaneously Canada |
| Name of publisher, distributor, etc. | John Wiley & Sons |
| Date of publication, distribution, etc. | 1976 |
| 300 ## - PHYSICAL DESCRIPTION | |
| Extent | xii, 335. p : |
| Other physical details | ill. |
| Dimensions | 25cm |
| 526 ## - STUDY PROGRAM INFORMATION NOTE | |
| Program name | 0 |
| Interest level | 0 |
| Reading level | 0 |
| Title point value | 691_000000000000000_SAL |
| 526 ## - STUDY PROGRAM INFORMATION NOTE | |
| Program name | 0 |
| Interest level | 0 |
| Reading level | 0 |
| Title point value | 691_000000000000000_SAL |
| 650 ## - SUBJECT ADDED ENTRY--TOPICAL TERM | |
| Topical term or geographic name entry element | MCE |
| 9 (RLIN) | 379 |
| 942 ## - ADDED ENTRY ELEMENTS (KOHA) | |
| Source of classification or shelving scheme | |
| Koha item type | Book |
| Withdrawn status | Lost status | Source of classification or shelving scheme | Damaged status | Not for loan | Permanent Location | Current Location | Date acquired | Total Checkouts | Full call number | Barcode | Date last seen | Price effective from | Koha item type |
|---|---|---|---|---|---|---|---|---|---|---|---|---|---|
| Military College of Engineering (MCE) | Military College of Engineering (MCE) | 09/11/2014 | 691 SAL | MCE-44813 | 09/11/2014 | 09/11/2014 | Book | ||||||
| Military College of Engineering (MCE) | Military College of Engineering (MCE) | 09/11/2014 | 691 SAL | 09/11/2014 | 09/11/2014 | Book |
